000 00284nam a22001217a 4500
999 _c5490
_d5490
008 170504b xxu||||| |||| 00| 0 eng d
020 _a0-07-282008-X
082 _a345.73 REI
100 _aREID,SUE,TITUS.
245 _aCRIMINAL LAW
250 _a6TH
260 _aUSA
_bMc GRAW HILL
_c2004